Трое в лодке, не считая собаки | Заметки к ненаписанному роману | Трое на четырех колесах (Запись № 12419666)

Подробности
000 -МАРКЕР
контрольное поле 03319nam0a2200397 4500
001 - ИДЕНТИФИКАТОР ЗАПИСИ
контрольное поле RU\NLR\BIBL_A\012848595
005 - ИДЕНТИФИКАТОР ВЕРСИИ
контрольное поле 20220801155638.0
010 ## - МЕЖДУНАРОДНЫЙ СТАНДАРТНЫЙ НОМЕР КНИГИ (ISBN)
Номер (ISBN) 978-5-389-20761-5
Тираж 5000
021 ## - НОМЕР ГОСУДАРСТВЕННОЙ РЕГИСТРАЦИИ
Код страны Российская Федерация
Номер КН-П-22-027212
Номер Листа государственной регистраци КН-П-22-2333
035 ## - ДРУГИЕ СИСТЕМНЫЕ НОМЕРА
Идентификатор записи (NLR Aleph) 012848595
035 ## - ДРУГИЕ СИСТЕМНЫЕ НОМЕРА
Идентификатор записи (RuMoRGB)011057336
100 ## - ДАННЫЕ ОБЩЕЙ ОБРАБОТКИ
Данные общей обработки 20220715d2022 u y0rusy50 ca
101 1# - ЯЗЫК РЕСУРСА
Язык текста, звукозаписи и т.д. русский
Язык оригинала английский
102 ## - СТРАНА ПУБЛИКАЦИИ ИЛИ ПРОИЗВОДСТВА
Страна публикации Российская Федерация
105 ## - ПОЛЕ КОДИРОВАННЫХ ДАННЫХ: ТЕКСТОВЫЕ МАТЕРИАЛЫ, МОНОГРАФИЧЕСКИЕ
Кодированные данные о монографическом текстовом документе y|||z|||000ay
181 #0 - ПОЛЕ КОДИРОВАННЫХ ДАННЫХ: ВИД СОДЕРЖАНИЯ
Код вида содержания (ISBD) i
Код характеристики содержания (ISBD) axxe
182 #0 - ПОЛЕ КОДИРОВАННЫХ ДАННЫХ: ТИП СРЕДСТВА
Код типа средства (ISBD) n - непосредственное
200 1# - ЗАГЛАВИЕ И СВЕДЕНИЯ ОБ ОТВЕТСТВЕННОСТИ
Основное заглавие Трое в лодке, не считая собаки
-- Заметки к ненаписанному роману
-- Трое на четырех колесах
Сведения, относящиеся к заглавию [романы]
Первые сведения об ответственности Джером Клапка Джером
Последующие сведения об ответственности перевод с английского Виктории Агаянц [и др.]
Сведения, относящиеся к заглавию сборник
203 ## - ВИД СОДЕРЖАНИЯ И ТИП СРЕДСТВА
Вид содержания Текст
Дополнительные сведения об издании визуальный
Тип средства непосредственный
210 ## - ПУБЛИКАЦИЯ, РАСПРОСТРАНЕНИЕ И ДР.
Место издания, распространения и т.д. Москва
Имя издателя, распространителя и т. д. Иностранка
-- Азбука-Аттикус
Дата издания, распространения и т.д. 2022
215 ## - ФИЗИЧЕСКАЯ ХАРАКТЕРИСТИКА
Специфическое обозначение материала и объем 859, [2] с.
Размеры 22
225 1# - СЕРИЯ
Основное заглавие серии Большие книги
225 1# - СЕРИЯ
Основное заглавие серии Иностранная литература
Наименование части Большие книги
300 ## - ОБЩИЕ ПРИМЕЧАНИЯ
Текст примечания Загл. обл.: Трое в лодке, не считая собаки
327 1# - ПРИМЕЧАНИЯ О СОДЕРЖАНИИ
Текст примечания Содерж.: Трое в лодке, не считая собаки; Заметки к ненаписанному роману; Трое на четырех колесах; Томми и К⁰; Они и я
330 ## - РЕЗЮМЕ ИЛИ РЕФЕРАТ
Текст примечания Летом 1888 года английский писатель Джером К. Джером, только что вступивший в законный брак, провел медовый месяц на Темзе. Из путевых впечатлений и воспоминаний этой счастливой поры родилась идея одной из самых смешных книг в мировой литературе. Приключения незадачливых, добродушных англичан, путешествующих по Темзе, о которых Джером написал в романе Трое в лодке, не считая собаки и в его продолжении Трое на четырех колесах (а также созданный между ними небольшой шедевр Заметки к ненаписанному роману, в котором узнаются все те же незабываемые герои), стали хорошо известны даже в самых отдаленных уголках планеты. С неизменной любовью читатели относятся к произведениям Джерома и в России, где его замечательный талант оценили едва ли не выше, чем на родине писателя
333 ## - ПРИМЕЧАНИЯ ОБ ОСОБЕННОСТЯХ РАСПРОСТРАНЕНИЯ И ИСПОЛЬЗОВАНИЯ
Текст примечания 12+
675 ## - УНИВЕРСАЛЬНАЯ ДЕСЯТИЧНАЯ КЛАССИФИКАЦИЯ (UDC/УДК)
Индекс 821.111-31
Издание 4
686 1# - ИНДЕКСЫ ДРУГИХ КЛАССИФИКАЦИЙ
Индекс Ш6(4Вл)57-440.4{Лх1297-45}
700 #1 - ИМЯ ЛИЦА - ПЕРВИЧНАЯ ОТВЕТСТВЕННОСТЬ
Графика поля Кириллица
Материалы, к которым относится поле rus
Начальный элемент ввода Джером
Часть имени, кроме начального элемента ввода Д. К.
Даты 1859-1927
Расширение инициалов личного имени Джером Клапка
Системный номер авторитетной/нормативной записи 122645
Идентификатор авторитетной/нормативной записи RU\NLR\AUTH\7712936
942 ## - ДОПОЛНИТЕЛЬНЫЕ ЭЛЕМЕНТЫ ЗАПИСИ (АБИС)
Тип экземпляра АБИС Книга
980 ## - КОЛЛЕКЦИЯ
Название коллекции Национальная библиография
Экземпляры
Тип экземпляра Дата поступления Источник поступления Библиотека постоянного хранения Библиотека текущего хранения Место хранения Шифр хранения Штрих-код Статус экземпляра
Книга 15.07.2022 Обязательный экземпляр РНБ (Московский) РНБ (Московский) Русский книжный фонд: издания с 1957 года 2022-5/6952 1-3895947  
Книга 15.07.2022 Обязательный экземпляр РНБ (Московский) РНБ (Московский) Русский книжный фонд: издания с 1957 года 2022-5/6952 1-3895948